Дело об учреждении при Николаевской Царскосельской гимназии двух стипендий имени в бозе почивших государя императора Александра ...

Доступно только в Электронных читальных залах Найти на картеНа карте
RUSMARC
00003830nmc2a22000003x 450
001b09ed1c1-ac3f-4b22-a09e-e4ebe7078540
00520200311185846.0
100##$a20180606l18811881k l0rusy0189 ca
1010#$arus
102##$aRU
2001#$aДело об учреждении при Николаевской Царскосельской гимназии двух стипендий имени в бозе почивших государя императора Александра Николаевича и государыни императрицы Марии Александровны
$j31 марта - 12 октября 1881 г.
251##$cДело
300##$aДело
801#0$aRU
$bРГИА
$c20180606
$gRCR
801#1$aRU
$bГлавНИВЦ
$c20180606
$2rusmarc
801#2$aRU
$bПБ им. Б.Н. Ельцина
$c20200311
$gRCR
$2rusmarc
850##$aРГИА
852##$aРГИА
$eФедеральное казенное учреждение "Российский государственный исторический архив" (РГИА)
$j607
937##$hРГИА
$d12230161
$aASBIBLIO_SCAN
462#0$10014f623d04-db1c-458f-af33-83b1e1ca26e7
$12001
$aДела разряда средних учебных заведений Департамента народного просвещения за 1873-1882 годы
$1251
$cОпись
$1852
$j164
461#0$1001a74412a3-3cc5-4d21-8f0a-dfe2fbd9e72d
$12001
$aДепартамент народного просвещения Министерства народного просвещения (1803-1917)
$1251
$cФонд
$1852
$j733
215##$a11 л.
$d36,5х26 см
371##$aДокумент не является опубликованным и широко распространяемым
105##$ay###
1222#$ad
035##$ab09ed1c1-ac3f-4b22-a09e-e4ebe7078540
856##$uhttp://readingroom.main.prlib.ru/item.aspx?id_node=n143439278&mode=full
Формат отображения